LDR 00478naa#a2200169#i#450# 001 EN\\bibl\3505 005 20260418054057.6 011 ## _a1992-5980 100 ## _a20140930b2014####ek#y0engy0150####ca 101 0# _aRUS 102 ## _aRU 200 1# _aExperimental research of mixing loose granular materials _eJournal article 210 1# _arostov on don _cDon state technical University _d2014 215 ## _a5 с. 608 ## _aJournal article _2local 700 #1 _aGucheva _gNatalya 856 4# _azh-szf.ru _u